| 000 | 00960nam a2200265Ia 4500 | ||
|---|---|---|---|
| 003 | GCL | ||
| 008 | 140319s9999 xx 000 0 ara d | ||
| 020 | _a4048307977 | ||
| 040 |
_aGCL / _cGCL |
||
| 082 | 0 | 4 |
_a001.6425 _bف أ |
| 100 | 1 | _aاحمد عثمان \\=aخالد العامرىv | |
| 245 | 1 | 0 |
_aاوتوكاد 2000 AUTOCAD 2000 : _bبدون خبرة NO EXPERIENCE REQUIRED / _cاحمد عثمان |
| 700 | 1 | _aايناس عادل | |
| 700 | 1 | _aفراى، ديفيد | |
| 250 | _aالاولى | ||
| 260 |
_aالقاهرة : _bدار الفاروق للنشر والتوزيع ، _c1999 |
||
| 300 |
_a712 ص: _bايض ؛ _c24 سم |
||
| 650 | 0 | 4 | _aالحاسبات الالكترونية |
| 650 | 0 | 4 | _aالبرمجة |
| 650 | 0 | 4 | _aالبرامج الالية |
| 650 | 0 | 4 | _aاوتوكاد |
| 650 | 0 | 4 | _aالحاسبات الالكترونية - تصميم |
| 650 | 0 | 4 | _aالحاسبات الالكترونية - برامج |
| 942 |
_2ddc _cBK |
||
| 999 |
_c5024 _d5024 |
||